Paroles "La berceuse d'Ahtohallan" - La reine des neiges 2 (Disney) - Statistiques

Statistiques générales
  • Ce quiz a été pris 52 fois
  • Le résultat moyen est 87 sur 99
Statistiques - réponses
Chanteur Paroles % Correct
dans
97%
Dans
97%
dans
97%
danser
97%
danser
97%
de
97%
de
97%
frais
97%
frais
97%
le
97%
le
97%
le
97%
le
97%
Le
97%
ne
97%
ne
97%
pas
97%
pas
97%
vent
97%
vent
97%
vient
97%
vient
97%
La
95%
pour
95%
pour
95%
pour
95%
Pour
95%
Reine Iduna Quand
95%
Quand
95%
si
95%
Si
95%
tu
95%
tu
95%
chante
92%
chante
92%
des
92%
des
92%
garde
92%
mon
92%
noyer
92%
oublier
92%
passé
92%
passé
92%
peur
92%
plonges
92%
plus
92%
Prends
92%
qui
92%
reste
92%
t'y
92%
au
90%
coeurs
90%
Dors
90%
enfant
90%
fond
90%
L'eau
90%
l'eau
90%
secret
90%
un
90%
Elle
87%
grand
87%
les
87%
miroir
87%
rivière
87%
une
87%
Cette
85%
chanson
85%
du
85%
magie
85%
reflet
85%
toute
85%
veux
85%
voir
85%
écouter
82%
Ferme
82%
Il
82%
maman
82%
rêve
82%
sait
82%
soir
82%
Ton
82%
yeux
82%
et
79%
éveillée
79%
flots
79%
l'air
79%
n'aie
79%
trouver
79%
nous
77%
son
77%
apprivoiser
74%
chemin
74%
faut
74%
murmure
74%
claire
72%
doux
72%
tendre
72%
nos
51%
peurs
49%
Aucun quiz correspondant
Distribution des résultats
% des personnes avec chaque résultat
Percentile par nombre de réponses
Votre historique - résultats
Vous n’avez pas pris ce quiz